Prática de Cálculos Trabalhistas (Registro nro. 164668)
[ vista simple ]
| 000 -LEADER | |
|---|---|
| fixed length control field | 01060nam a22002537a 4500 |
| 007 - PHYSICAL DESCRIPTION FIXED FIELD--GENERAL INFORMATION | |
| fixed length control field | cr|||| |||| |
| 008 - FIXED-LENGTH DATA ELEMENTS--GENERAL INFORMATION | |
| fixed length control field | 161204s2016 br |||||s|||| 00||0 por d |
| 020 ## - INTERNATIONAL STANDARD BOOK NUMBER | |
| International Standard Book Number | 978-85-361-8878-2 |
| 035 ## - | |
| -- | 14578 |
| 040 ## - CATALOGING SOURCE | |
| Original cataloging agency | vLex |
| 090 ## - | |
| -- | 6417 |
| -- | 6417 |
| 100 1# - MAIN ENTRY--PERSONAL NAME | |
| Personal name | Baria de Castilho, Paulo Cesar |
| 245 10 - TITLE STATEMENT | |
| Title | Prática de Cálculos Trabalhistas |
| Medium | [Recurso electrónico] / |
| Statement of responsibility, etc | Paulo Cesar Baria de Castilho |
| 250 ## - | |
| -- | 4ª Edición |
| 256 ## - | |
| -- | Servicio en línea |
| 260 ## - PUBLICATION, DISTRIBUTION, ETC. (IMPRINT) | |
| Place of publication, distribution, etc | San Pablo: |
| Name of publisher, distributor, etc | LTR, |
| Date of publication, distribution, etc | 2016 |
| 300 ## - PHYSICAL DESCRIPTION | |
| Extent | 1 recurso electrónico |
| 506 1# - RESTRICTIONS ON ACCESS NOTE | |
| Terms governing access | Disponible solo en los productos indicados |
| Authorized users | vLex Global |
| -- | vLex Global (Academic Edition, excluding Law Schools) |
| -- | vLex Global (U.S. Academic Edition, Law Schools) |
| -- | vLex Global (U.S. Academic Edition, excluding Law Schools) |
| -- | vLex Global (Academic Edition, Law Schools) |
| 650 04 - SUBJECT ADDED ENTRY--TOPICAL TERM | |
| Source of heading or term | Derecho Laboral y Seguridad Social |
| Geographic subdivision | Brasil |
| 740 0# - | |
| -- | vLex Libros (Servicio en línea) |
| 856 40 - LOCALIZACIÓN Y ACCESO ELECTRÓNICO | |
| Identificador Uniforme del Recurso (URI/URL) | https://app.vlex.com/#/sources/pratica-calculos-trabalhistas-14578 |
| 942 ## - | |
| -- | RAA |
| 999 ## - | |
| -- | 164668 |
| -- | 164668 |
No hay ítems disponibles.